000 00232nam a2200097Ia 4500
008 240331s9999 xx 000 0 und d
082 _bSHA
100 _aShanmugalingam,K
245 0 _aNavina araciyal cintanai :
_b arimukam
942 _cL
999 _c4728
_d4728